USA States Quiz But You Tap - Statistics

General Stats
  • This quiz has been taken 1,485 times
    1,483 since last reset
  • The average score is 33 of 50
Answers on the Map
Answers color-coded by a green-red scale on the quiz's map according to % correct below.
 
Answer Stats
Answer % Correct
Alaska
83%
California
83%
Florida
83%
Texas
83%
Hawaii
81%
Washington
79%
North Dakota
75%
Nevada
74%
South Dakota
74%
Maine
73%
New Mexico
72%
Montana
71%
Arizona
70%
Michigan
70%
New York
70%
Oregon
70%
North Carolina
69%
South Carolina
69%
Louisiana
68%
Tennessee
68%
Pennsylvania
67%
West Virginia
67%
Idaho
66%
Illinois
66%
Kentucky
66%
Utah
66%
Virginia
66%
Georgia
65%
Minnesota
65%
Oklahoma
65%
Alabama
64%
Massachusetts
64%
Ohio
64%
Kansas
63%
New Jersey
63%
Rhode Island
63%
Colorado
62%
Mississippi
62%
Indiana
61%
Wyoming
61%
Connecticut
60%
New Hampshire
59%
Vermont
59%
Iowa
58%
Arkansas
57%
Maryland
57%
Nebraska
57%
Wisconsin
57%
Missouri
56%
Delaware
51%
No matching quizzes found
Score Distribution
Percent of People with Each Score
Percentile by Number Answered
Your Score History
You have not taken this quiz since the last reset